The Simpsons Typing Challenge Quiz Stats

 Plays Quiz Updated Jul 10, 2017

Support Sporcle.
Go Orange.
Score 0/42 Timer 01:00
10 Plays Today
Type This Typed % Correct
????
100%
????
99.4%
????
99%
????
98.6%
????
98.2%
????
97.9%
????
97.6%
????
97.4%
????
97.1%
????
96.8%
????
96.3%
????
96%
????
95.6%
????
95.3%
????
94.7%
????
94%
????
93.4%
????
92.7%
????
91.9%
????
90.6%
????
89.2%
Type This Typed % Correct
????
87.7%
????
85.9%
????
84.3%
????
82.7%
????
80.8%
????
78.2%
????
75.2%
????
71.8%
????
68%
????
59.3%
????
54.8%
????
50.2%
????
45.2%
????
41%
????
35.6%
????
30.6%
????
25.9%
????
19%
????
14.4%
????
9.7%
????
3.6%

You're not logged in!

Compare scores with friends on all Sporcle quizzes.
OR
Log In
Forgot?

From the Vault

Letter Fall: Chemical Elements

by vrh28

You definitely don't want to drop most of these, though.
Remove Ads.
Support Sporcle.
Get the best of Sporcle when you Go Orange. This ad-free experience offers more features, more stats, and more fun while also helping to support Sporcle. Thank you for becoming a member.

Show Comments

Extras

Top Quizzes Today


Score Distribution

Your Account Isn't Verified!

In order to create a playlist on Sporcle, you need to verify the email address you used during registration. Go to your Sporcle Settings to finish the process.

Report this User

Report this user for behavior that violates our Community Guidelines.

Details: